Loading...

Kozhikkodu vismayanagaram /

Bibliographic Details
Other Authors: Laila, P.
Format: Printed Book
Published: Kozhikkode: Olive, 2009.
Subjects:
LEADER 00482cam a2200157ua 4500
008 100422t2009||||||||||| 00 ||||| c
082 |a 954.83  |b KOZ 
245 1 0 |a Kozhikkodu vismayanagaram /  
260 |a Kozhikkode:  |b Olive,  |c 2009. 
300 |a 70p.. 
362 1 |a 2009. 
650 0 |a Kozhikkode-History 
700 0 2 |a Laila, P. 
942 |c  REF 
999 |c 21878  |d 21878 
952 |0 0  |1 0  |4 0  |6 954_830000000000000_KO  |7 0  |9 23167  |a KUCL  |b KUCL  |d 2014-05-23  |l 0  |o 954.83 KO  |p 22175  |r 2017-03-09  |w 2014-05-23  |y  REF